000 01321nam a2200337 4500
003 OSt
005 20260601170958.0
008 260506b2002\\\\ne\a||||\||||\00|\0\eng\d
020 _a3764367431 (Birkhäuser : softcover)
020 _a9783764367435 (Birkhäuser : softcover)
020 _a9080644579 (Frame magazine)
020 _a9789080644571 (Frame magazine)
040 _aICI
_bspa
_cICI
050 4 _aNA1559.C87
_bV36 2002
100 1 _aVan Tilburg, Carolien
_931033
245 1 _aCuriosity :
_b30 designs for products and interiors /
_c[written by Carolien van Tilburg].
260 _aBasel ;
_aBoston :
_aAmsterdam :
_bBirkhäuser, Publishers for Architecture ;
_bFrame,
_c2002.
300 _a160 páginas
_c28cm.
336 _atexto
_2rdacontent
337 _asin medio
_2rdamedia
338 _avolumen
_2rdacarrier
610 2 _aCuriosity (Firm)
_931034
610 2 _aCuriosity (Firma)
_931035
650 0 _aArchitecture
_y20th century.
_zJapan
_931036
650 4 _aArquitectura
_95213
650 0 _aInterior decoration
_xHistory
_y20th century.
_zJapan
_931037
650 4 _aDecoración de interiores
_xHistoria
_ySiglo XX
_zJapón
_931038
650 0 _aInterior architecture
_xHistory
_y20th century.
_zJapan
_931039
650 4 _aArquitectura de interiores
_xHistoria
_ySiglo XX
_zJapón
_931040
942 _2lcc
_cB
999 _c19956
_d19956